Devinez le film. - Statistiques

Statistiques générales
  • Ce quiz a été pris 227 fois
  • Le résultat moyen est 8 sur 21
Statistiques - réponses
Par images Réponse % Correct
vice versa
88%
La reine des neiges
80%
avatar
61%
Hunger Games
61%
Le roi lion
57%
Avengers
54%
alerte rouge
52%
Madagascar
52%
Raiponce
51%
Toy story
48%
Le seigneur des anneaux
47%
Les animaux fantastiques
30%
Le cercle des poètes disparues
24%
Alice au pays des merveilles
21%
Divergente
20%
Ready Player One
17%
the substance
16%
Lego Batman
13%
Dragon 2
11%
Spider-man
11%
Le chat Potté
2%
Aucun quiz correspondant
Distribution des résultats
% des personnes avec chaque résultat
Percentile par nombre de réponses
Votre historique - résultats
Vous n’avez pas pris ce quiz